000 01632nam0a2200361 4500
001 RU\NLR\BIBL_A\011411973
005 20260406065520.0
010 _a9785235039063
_93000
021 _aRU
_b2017-38957
_92841
035 _a(RuMoRGB)008895230
035 _a(NLR Aleph) 011411973
090 _a11562446
_c11562446
100 _a20170621d2017 u y0rusy50 ca
101 0 _arus
102 _aRU
105 _aachbzz0|||1yb
200 1 _aМихаил Тверской
_fНиколай Борисов
210 _aМосква
_cМолодая гвардия
_d2017
215 _a282, [2] с., [16] л. ил., портр., факс.
_cкарт.
_d21
225 1 _aЖизнь замечательных людей
_ecерия биографий
_fоснована в 1890 году Ф. Павленковым и продолжена в 1933 г. М. Горьким
_vвып. 1793 (1593)
320 _aБиблиогр.: с. 278-283 (151 назв.)
333 _a16+
600 0 _aМихаил Ярославич
_cкнязь тверской
_f1271 - 1318
_jБиографии
_91627050
_3RU\NLR\AUTH\661016709
686 _aТ3(2)434.294-8Михаил Ярославич,02
_2rubbk
686 2 _aЭ372.24-574.8
686 1 _aТ3(2)434-8
700 1 _7ca
_8rus
_aБорисов
_bН. С.
_cд-р ист. наук
_f1950-
_gНиколай Сергеевич
_98363
_3RU\NLR\AUTH\7725314
702 0 _4570
_7ca
_8rus
_aМихаил Ярославич
_cкнязь тверской
_f1271-1318
_9114979
_3RU\NLR\AUTH\775008
942 _cBOOK
980 _aNBR